000 00787nam a2200253 i 4500
003 DO-SdBNP
005 20260321073644.0
007 ta
008 190726s1994 dr 000 spa d
040 _aDO-SdBNP
_bspa
_cBNPHU
_erda
082 4 _a863.44
_bB742m, 1994
_222
100 1 _a Bosch, Juan,
_d1909-2001
_eautor
_4aut.
_976555
245 1 0 _aMás cuentos escritos en el exilio /
_cJuan Bosch
250 _adecimo quinta edición
264 4 _aSanto Domingo :
_bEditora Alfa y Omega,
_c1994.
300 _a284 páginas ;
_c21 cm.
336 _atexto
_btxt
_2rdacontent
337 _asin mediación
_bn
_2rdamedia
338 _avolumen
_bnc
_2rdacarrier
590 _aInventariado, 2020/ YL
650 4 _aCuentos dominicanos
651 4 _aLitertura dominicana
_986663
942 _2ddc
_cLBS1
999 _c48690
_d48690